Science Quiz

Random Science or Physics Quiz
Score 0/20 Timer 08:00
7 Plays Today
% Correct
Oceanography
90%
Glaciology
87.1%
Climatology
85.5%
Volcanology
85.5%
Seismology
85.3%
Paleontology
83.3%
Mineralogy
80%
Gemology
79.9%
Astronomy
75.8%
Ecology
75.6%
% Correct
Cosmochemistry
72.2%
Geography
70.3%
Exoplanetology
68.6%
Astrobiology
65.3%
Astrometry
62%
Speleology
60.3%
Stratigraphy
59%
Limnology
50.9%
Selenography
46.7%
Petrology
40%
Remove Ads.
Support Sporcle.
Get the best of Sporcle when you Go Orange. This ad-free experience offers more features, more stats, and more fun while also helping to support Sporcle. Thank you for becoming a member.

You're not logged in!

Compare scores with friends on all Sporcle quizzes.
OR
Log In

Show Comments

Extras

Top Quizzes Today


Score Distribution

Your Account Isn't Verified!

In order to create a playlist on Sporcle, you need to verify the email address you used during registration. Go to your Sporcle Settings to finish the process.

Report this User

Report this user for behavior that violates our Community Guidelines.

Details: